000 00361 a2200109 4500
001 ART_30927
005 20260410161701.0
008 260409a
245 1 0 _aIntensidad de la competencia y parámetros de conducta en el sector bancario hondureño
100 1 _aColoma, Germán
773 0 _tEnsayos Económicos
_g- Nº 70 (jun. 2014)
_wREV620
999 _c15205
_d15205